000 00484nam a2200217Ia 4500
008 210210b1938 xxu||||| |||| 00| 0 eng d
041 _aeng
082 _a538/4
100 _aALLEN (H S)
245 _aText book of practical physics
260 _aLondon
_bMacmillan & Co. Ltd.
_c1938
300 _a696
650 _aTextf
650 _aText
650 _apractical
650 _aphysics
650 _abook
690 _aPhysics
700 _aMOORE (H)
906 _a008952
999 _c126749
_d126749